[Event "European Blitz 2016"]
[Site "Tallinn EST"]
[Date "2016.12.17"]
[Round "13.17"]
[White "Potkin, Vladimir"]
[Black "Alekseev, Evgeny"]
[Result "1-0"]
[WhiteTitle "GM"]
[BlackTitle "GM"]
[WhiteElo "2597"]
[BlackElo "2632"]
[WhiteFideId "4131061"]
[BlackFideId "4138147"]
[EventDate "2016.12.17"]

1. c4 c5 2. Nf3 Nc6 3. Nc3 Nf6 4. e3 e6 5. d4 d5 6. a3 dxc4 7. Bxc4 Be7 8. O-O
O-O 9. dxc5 Qxd1 10. Rxd1 Bxc5 11. b4 Be7 12. Bb2 b6 13. e4 Bb7 14. e5 Ng4 15.
Nb5 Rad8 16. h3 Nh6 17. Nbd4 g6 18. Nxc6 Bxc6 19. Nd4 Bb7 20. g4 Bg5 21. Bc1
Bxc1 22. Raxc1 Kh8 23. Nb5 a6 24. Rxd8 Rxd8 25. Nd6 Rd7 26. Nxb7 Rxb7 27. Bxa6
Ra7 28. Rc8+ Kg7 29. b5 Rd7 30. a4 Ng8 31. a5 Ne7 32. axb6 Nxc8 33. Bxc8 Rd5 34.
Ba6 Kf8 35. f4 Ke7 36. b7 Rd8 37. b6 Rb8 38. Kf2 Kd7 39. Bb5+ Ke7 40. Bc6 Rd8
41. Ke3 f6 42. exf6+ Kxf6 43. Ke4 Rb8 44. Kd4 Ke7 45. Kc5 Rd8 46. Bb5 Rd5+ 47.
Kc6 1-0

[Event "European Blitz 2016"]
[Site "Tallinn EST"]
[Date "2016.12.17"]
[Round "13.18"]
[White "Sychev, Klementy"]
[Black "Ponkratov, Pavel"]
[Result "1-0"]
[WhiteTitle "IM"]
[BlackTitle "GM"]
[WhiteElo "2453"]
[BlackElo "2607"]
[WhiteFideId "4114060"]
[BlackFideId "4157800"]
[EventDate "2016.12.17"]

1. d4 Nf6 2. Nf3 c5 3. d5 e6 4. Nc3 exd5 5. Nxd5 Nxd5 6. Qxd5 Nc6 7. e4 d6 8.
Bc4 Be6 9. Qd3 Be7 10. c3 O-O 11. O-O h6 12. Bf4 Qb6 13. Bd5 Rad8 14. Rfe1 Bf6
15. Re2 Ne7 16. Bxe6 fxe6 17. Bg3 d5 18. exd5 exd5 19. Rae1 c4 20. Qc2 Qc5 21.
Nd4 Nc6 22. Ne6 Qb6 23. Nxf8 Rxf8 24. Qg6 Qd8 25. Re8 Qd7 26. Bd6 1-0

[Event "European Blitz 2016"]
[Site "Tallinn EST"]
[Date "2016.12.17"]
[Round "13.19"]
[White "Cvitan, Ognjen"]
[Black "Maier, Christian"]
[Result "1-0"]
[WhiteTitle "GM"]
[BlackTitle "IM"]
[WhiteElo "2491"]
[BlackElo "2390"]
[WhiteFideId "14500086"]
[BlackFideId "4601955"]
[EventDate "2016.12.17"]

1. d4 Nf6 2. c4 c5 3. e3 e6 4. Nc3 d5 5. Nf3 Nc6 6. a3 a6 7. dxc5 Bxc5 8. b4 Ba7
9. Bb2 O-O 10. Qc2 d4 11. exd4 Nxd4 12. Nxd4 Qxd4 13. Rd1 Qf4 14. Bd3 Bd7 15. h3
Bc6 16. O-O Rad8 17. Qe2 Rd4 18. c5 Bb8 19. g3 Qh6 20. h4 Rfd8 21. Bc2 Nh5 22.
Rxd4 Rxd4 23. Ne4 Rd8 24. Rd1 Rxd1+ 25. Qxd1 Bc7 26. Be5 f5 27. Ng5 1-0

[Event "European Blitz 2016"]
[Site "Tallinn EST"]
[Date "2016.12.17"]
[Round "13.20"]
[White "Naiditsch, Arkadij"]
[Black "Brodowski, Piotr"]
[Result "0-1"]
[WhiteTitle "GM"]
[BlackTitle "IM"]
[WhiteElo "2687"]
[BlackElo "2444"]
[WhiteFideId "4650891"]
[BlackFideId "1124480"]
[EventDate "2016.12.17"]

1. e4 c5 2. Nf3 g6 3. c3 Nf6 4. e5 Nd5 5. d4 cxd4 6. Qxd4 Nb6 7. h4 Nc6 8. Qe4
d5 9. exd6 Qxd6 10. Na3 Bf5 11. Qe2 Bg7 12. Nb5 Qd7 13. Be3 O-O 14. Rd1 Nd5 15.
h5 a6 16. Nbd4 Nxd4 17. Bxd4 e5 18. Be3 Qe6 19. hxg6 Bxg6 20. Bh6 Rfe8 21. Bxg7
Kxg7 22. g3 e4 23. Nd4 Qf6 24. Bg2 e3 25. f4 Rad8 26. f5 Qg5 27. Bxd5 Qxg3+ 28.
Kf1 Rxd5 29. Rg1 Qf4+ 30. Ke1 Qh4+ 31. Kf1 Qf4+ 32. Ke1 Qh4+ 33. Kf1 Re4 34.
fxg6 Rf4+ 35. Nf3 Rxd1+ 36. Qxd1 Qf2# 0-1

[Event "European Blitz 2016"]
[Site "Tallinn EST"]
[Date "2016.12.17"]
[Round "13.21"]
[White "Kobalia, Mikhail"]
[Black "Boe, Mads"]
[Result "1-0"]
[WhiteTitle "GM"]
[BlackTitle "FM"]
[WhiteElo "2628"]
[BlackElo "2321"]
[WhiteFideId "4119150"]
[BlackFideId "1401408"]
[EventDate "2016.12.17"]

1. e4 c6 2. d4 d5 3. exd5 cxd5 4. c4 Nf6 5. Nc3 Nc6 6. Bg5 dxc4 7. Bxc4 h6 8.
Bh4 Qxd4 9. Qxd4 Nxd4 10. O-O-O e5 11. f4 Bg4 12. Nf3 Bxf3 13. gxf3 Rc8 14. fxe5
Rxc4 15. exf6 Ne6 16. Bf2 b6 17. Kb1 gxf6 18. Nd5 Be7 19. Bg3 f5 20. Be5 Rg8 21.
Bf6 Bc5 22. Rhe1 Kf8 23. Nc7 Rg2 24. Rd8+ 1-0

[Event "European Blitz 2016"]
[Site "Tallinn EST"]
[Date "2016.12.17"]
[Round "13.22"]
[White "Pavlidis, Antonios"]
[Black "Narmontas, Matas"]
[Result "1-0"]
[WhiteTitle "GM"]
[BlackTitle "IM"]
[WhiteElo "2532"]
[BlackElo "2411"]
[WhiteFideId "4212312"]
[BlackFideId "12802204"]
[EventDate "2016.12.17"]

1. e4 c5 2. Nf3 Nc6 3. Bb5 g6 4. Bxc6 dxc6 5. d3 Bg7 6. h3 e5 7. a4 Ne7 8. Be3
b6 9. Na3 f5 10. Nc4 Qc7 11. exf5 Nxf5 12. O-O O-O 13. a5 Rb8 14. axb6 axb6 15.
Re1 Nd4 16. Nfd2 Bf5 17. Ne4 Qd7 18. Ng3 Bxh3 19. Bxd4 Bg4 20. Bxe5 Bxd1 21.
Bxg7 Qxg7 22. Raxd1 b5 23. Nd6 Qxb2 24. Re2 Rbd8 25. Nde4 c4 26. Nc5 Rfe8 27.
Nge4 cxd3 28. Nxd3 Qg7 29. Rde1 Rf8 30. Ndc5 Rde8 31. Re3 Kh8 32. Rd1 b4 1-0

[Event "European Blitz 2016"]
[Site "Tallinn EST"]
[Date "2016.12.17"]
[Round "13.23"]
[White "Onischuk, Vladimir"]
[Black "Karttunen, Mika"]
[Result "1/2-1/2"]
[WhiteTitle "GM"]
[BlackTitle "IM"]
[WhiteElo "2601"]
[BlackElo "2455"]
[WhiteFideId "14114038"]
[BlackFideId "502081"]
[EventDate "2016.12.17"]

1. e4 d6 2. d4 Nf6 3. Nc3 e5 4. Nf3 Nbd7 5. g3 Be7 6. Bg2 O-O 7. O-O c6 8. a4 b6
9. Re1 Bb7 10. h3 a6 11. Nh4 g6 12. Nf3 Re8 13. b3 Bf8 14. Bb2 Qc7 15. Qd2 b5
16. dxe5 dxe5 17. Qe2 Bb4 18. Red1 Rad8 19. Ne1 Bf8 20. Nd3 Nc5 21. Nxc5 Bxc5
22. Rxd8 Rxd8 23. Rd1 Bd4 24. Rd3 Rd7 25. Bc1 Qa5 26. Bd2 Qd8 27. Bg5 Kg7 28.
Qd2 Bc8 29. Ne2 Bc5 30. Nc1 Be7 31. Be3 Qc7 32. Rxd7 Nxd7 33. Nd3 f6 34. Qc3 Qd6
35. axb5 axb5 36. b4 Qe6 37. f4 Qc4 38. Qb2 Bd6 39. Kf2 Bb7 40. Bf3 Kf7 41. h4
Qe6 42. Qa1 Bb8 43. h5 Ke7 44. Qh1 Qg8 45. hxg6 hxg6 46. Nc5 Nxc5 47. Bxc5+ Bd6
48. Qd1 Bxc5+ 49. bxc5 Qd8 50. Qxd8+ Kxd8 51. Ke3 Bc8 52. Be2 Be6 53. c3 Ke7 54.
g4 g5 55. f5 Bf7 56. Kd2 Kd7 57. Kc2 Kc7 58. Kb2 Kb7 59. Ka3 Ka6 60. Kb4 Bg8 61.
Bd3 Bf7 62. Be2 Bg8 1/2-1/2

[Event "European Blitz 2016"]
[Site "Tallinn EST"]
[Date "2016.12.17"]
[Round "13.24"]
[White "Matlakov, Maxim"]
[Black "Ladva, Ottomar"]
[Result "1-0"]
[WhiteTitle "GM"]
[BlackTitle "GM"]
[WhiteElo "2694"]
[BlackElo "2510"]
[WhiteFideId "4168003"]
[BlackFideId "4500024"]
[EventDate "2016.12.17"]

1. Nf3 Nf6 2. g3 d5 3. Bg2 c6 4. c4 Bg4 5. Ne5 Be6 6. cxd5 Bxd5 7. Nf3 c5 8. Nc3
Bc6 9. O-O e6 10. d3 Be7 11. e4 O-O 12. Qe2 Na6 13. Rd1 Nd7 14. d4 cxd4 15. Nxd4
Qc8 16. Nxc6 Qxc6 17. e5 Qc8 18. Bf4 Nac5 19. Rac1 a5 20. Ne4 Rd8 21. Be3 b6 22.
Nxc5 Nxc5 23. Bxa8 Qxa8 24. Rxd8+ Qxd8 25. Rd1 Qc7 26. Qb5 h5 27. Qe8+ Kh7 28.
Qxf7 h4 29. Rd4 1-0

[Event "European Blitz 2016"]
[Site "Tallinn EST"]
[Date "2016.12.17"]
[Round "13.25"]
[White "Dzhumagaliev, Yan"]
[Black "Novikov, Stanislav"]
[Result "1-0"]
[WhiteTitle "FM"]
[BlackTitle "GM"]
[WhiteElo "2400"]
[BlackElo "2513"]
[WhiteFideId "24100110"]
[BlackFideId "4125371"]
[EventDate "2016.12.17"]

1. d4 g6 2. h4 h5 3. e4 Bg7 4. Nc3 c6 5. Bg5 d5 6. e5 f6 7. exf6 exf6 8. Bf4 Bh6
9. Qd2 Kf7 10. O-O-O Nd7 11. Bd3 Nf8 12. Nge2 Ne6 13. Be3 b5 14. f3 Qa5 15. g4
Bxe3 16. Qxe3 b4 17. Nb1 Qxa2 18. gxh5 gxh5 19. Rhg1 Ne7 20. f4 Re8 21. f5 Ng7
22. Qh6 Rg8 23. Ng3 b3 24. Nxh5 Nexf5 25. Bxf5 1-0

[Event "European Blitz 2016"]
[Site "Tallinn EST"]
[Date "2016.12.17"]
[Round "13.26"]
[White "Chigaev, Maksim"]
[Black "Lobanov, Sergei"]
[Result "1-0"]
[WhiteTitle "GM"]
[WhiteElo "2531"]
[BlackElo "2429"]
[WhiteFideId "4108116"]
[BlackFideId "24183750"]
[EventDate "2016.12.17"]

1. e4 c5 2. Nf3 d6 3. Bc4 Nf6 4. Qe2 Nc6 5. c3 e6 6. d3 Be7 7. Bb3 O-O 8. O-O b6
9. h3 Ba6 10. Bf4 Qc7 11. Nbd2 Ne5 12. Nxe5 dxe5 13. Bh2 Rfd8 14. Nc4 Nd7 15. a4
Bg5 16. g3 Bf6 17. f4 Rab8 18. f5 Nf8 19. g4 Bxc4 20. Bxc4 Bg5 21. Qf2 exf5 22.
Qxf5 Be3+ 23. Kh1 Bf4 24. Bxf4 exf4 25. Rxf4 Rd7 26. Raf1 Rb7 27. Bd5 Ng6 28.
R4f2 Qg3 29. Rf3 1-0

[Event "European Blitz 2016"]
[Site "Tallinn EST"]
[Date "2016.12.17"]
[Round "13.27"]
[White "Kulaots, Kaido"]
[Black "Tregubov, Pavel V."]
[Result "0-1"]
[WhiteTitle "GM"]
[BlackTitle "GM"]
[WhiteElo "2556"]
[BlackElo "2585"]
[WhiteFideId "4500261"]
[BlackFideId "4115341"]
[EventDate "2016.12.17"]

1. e4 c5 2. Nf3 e6 3. d4 cxd4 4. Nxd4 Nc6 5. Nc3 Nf6 6. Ndb5 Bb4 7. a3 Bxc3+ 8.
Nxc3 d5 9. exd5 exd5 10. Bd3 O-O 11. O-O d4 12. Ne2 Bg4 13. f3 Bh5 14. Nf4 Bg6
15. Nxg6 hxg6 16. f4 Ne7 17. Qf3 Qb6 18. Bd2 Nf5 19. b4 Ne3 20. Rfe1 Rfe8 21. c4
Qe6 22. h3 Re7 23. Re2 Rae8 24. Rae1 b5 25. cxb5 Qb3 26. Bxe3 Qxd3 27. Bf2 Qxf3
28. Rxe7 Qa8 29. Rxe8+ Nxe8 30. Bxd4 Nd6 31. a4 Qd5 32. Bxa7 Qd2 33. Bf2 Qxb4
34. b6 Qxa4 35. Rb1 Qc2 36. Rb4 Qc1+ 37. Kh2 Qd2 38. Bc5 Nb7 39. Be7 Qe1 0-1

[Event "European Blitz 2016"]
[Site "Tallinn EST"]
[Date "2016.12.17"]
[Round "13.28"]
[White "Ruck, Robert"]
[Black "Pustovoitova, Daria"]
[Result "1-0"]
[WhiteTitle "GM"]
[BlackTitle "FM"]
[WhiteElo "2561"]
[BlackElo "2401"]
[WhiteFideId "705713"]
[BlackFideId "4182146"]
[EventDate "2016.12.17"]

1. Nf3 Nf6 2. c4 c6 3. d4 d5 4. Nc3 e6 5. e3 Nbd7 6. Qc2 Bd6 7. b3 O-O 8. Be2
Re8 9. O-O dxc4 10. bxc4 e5 11. a4 exd4 12. exd4 Nf8 13. a5 a6 14. Rd1 Bc7 15.
Qa2 Bg4 16. h3 Bf5 17. d5 cxd5 18. cxd5 Bd6 19. Be3 Ng6 20. Bd3 Bxd3 21. Rxd3
Ne4 22. Nxe4 Rxe4 23. Rb1 Qe7 24. Nd2 Rb4 25. Rxb4 Bxb4 26. Nc4 Ne5 27. Nxe5
Qxe5 28. g3 Rd8 29. Qa4 Qe7 30. Rd4 Bd6 31. Re4 Qf8 32. Bb6 Rb8 33. Qd7 h6 34.
Kg2 Ba3 35. Bc7 Rc8 36. d6 Bc5 37. h4 Ba3 38. h5 Bc5 39. Re7 Bb4 40. Qxc8 Qxc8
41. d7 Qxc7 42. Re8+ Kh7 43. d8=Q Qc6+ 44. Kh2 1-0

[Event "European Blitz 2016"]
[Site "Tallinn EST"]
[Date "2016.12.17"]
[Round "13.29"]
[White "Huzman, Alexander"]
[Black "Skytte, Rasmus"]
[Result "1/2-1/2"]
[WhiteTitle "GM"]
[BlackTitle "IM"]
[WhiteElo "2557"]
[BlackElo "2390"]
[WhiteFideId "2803828"]
[BlackFideId "1404210"]
[EventDate "2016.12.17"]

1. Nf3 g6 2. c4 Bg7 3. g3 e6 4. Bg2 Ne7 5. O-O O-O 6. Nc3 d5 7. d4 Nbc6 8. e3
dxc4 9. Nd2 e5 10. d5 Na5 11. Qa4 c6 12. dxc6 Nexc6 13. Nxc4 Nxc4 14. Qxc4 Be6
15. Qa4 Qb6 16. Nd5 Bxd5 17. Bxd5 Nb4 18. Be4 f5 19. Bd2 a5 20. Bg2 e4 21. Qb3+
Kh8 22. a3 Nd5 23. Qxd5 Rfd8 24. Bxa5 Rxa5 25. Qf7 Rad5 26. Rac1 R5d7 27. Qc4
Qxb2 28. a4 Qe5 29. h4 Qd5 30. Qb4 Qd6 31. Qb5 Qd5 32. Rc5 Qd3 33. Rb1 Qxb5 34.
Rcxb5 Ra8 35. a5 Bc3 36. h5 Rxa5 37. Rxb7 Rxb7 38. Rxb7 gxh5 39. Bh3 Ra1+ 40.
Kg2 Ra2 41. Bxf5 Be1 42. Rxh7+ Kg8 43. Rxh5 Rxf2+ 44. Kh3 Rf3 45. Bxe4 Rxe3 1/2-1/2

[Event "European Blitz 2016"]
[Site "Tallinn EST"]
[Date "2016.12.17"]
[Round "13.30"]
[White "Jussupow, Artur"]
[Black "Fargere, Francois"]
[Result "1/2-1/2"]
[WhiteTitle "GM"]
[BlackTitle "GM"]
[WhiteElo "2585"]
[BlackElo "2404"]
[WhiteFideId "4618777"]
[BlackFideId "615935"]
[EventDate "2016.12.17"]

1. d4 d5 2. Nf3 Nf6 3. e3 c6 4. Bd3 Bg4 5. Nbd2 Nbd7 6. O-O e6 7. b3 Bd6 8. Bb2
Qb8 9. h3 Bh5 10. c4 O-O 11. Qc2 Bg6 12. e4 dxe4 13. Nxe4 Nxe4 14. Bxe4 Qd8 15.
Rfe1 Qa5 16. Re2 Ba3 17. Bc3 Bb4 18. Bb2 Ba3 19. Bc3 Bb4 20. Bb2 1/2-1/2

[Event "European Blitz 2016"]
[Site "Tallinn EST"]
[Date "2016.12.17"]
[Round "13.31"]
[White "Timerkhanov, Alexander"]
[Black "Zelbel, Patrick"]
[Result "0-1"]
[WhiteTitle "FM"]
[BlackTitle "IM"]
[WhiteElo "2360"]
[BlackElo "2448"]
[WhiteFideId "24177938"]
[BlackFideId "24624322"]
[EventDate "2016.12.17"]

1. d4 Nf6 2. Bg5 Ne4 3. Bf4 c5 4. f3 Qa5+ 5. c3 Nf6 6. d5 Qb6 7. e4 Qxb2 8. Nd2
Qxc3 9. Bc7 g6 10. Rb1 Bh6 11. Ne2 Qxd2+ 12. Qxd2 Bxd2+ 13. Kxd2 d6 14. Nc3 b6
15. e5 dxe5 16. Bxe5 Nbd7 17. Bb5 O-O 18. Bc6 Nxe5 19. Bxa8 Bf5 20. Bc6 Bxb1 21.
Rxb1 Rd8 22. Kc2 Kg7 23. Re1 Nxc6 24. dxc6 e6 25. Nb5 a6 26. Na7 Ne8 27. Rd1
Rxd1 28. Kxd1 Kf6 29. Nc8 b5 30. Kd2 Ke5 31. Kd3 Kd5 32. Na7 Nc7 33. f4 c4+ 34.
Kc3 Kc5 35. a3 a5 36. Nc8 b4+ 37. axb4+ axb4+ 38. Kc2 Kxc6 0-1

[Event "European Blitz 2016"]
[Site "Tallinn EST"]
[Date "2016.12.17"]
[Round "14.1"]
[White "Mamedov, Rauf"]
[Black "Andreikin, Dmitry"]
[Result "0-1"]
[WhiteTitle "GM"]
[BlackTitle "GM"]
[WhiteElo "2688"]
[BlackElo "2737"]
[WhiteFideId "13401653"]
[BlackFideId "4158814"]
[EventDate "2016.12.17"]

1. e4 c5 2. Nf3 e6 3. d4 cxd4 4. Nxd4 a6 5. Bd3 Bc5 6. Nb3 Ba7 7. Qg4 Nf6 8. Qe2
d6 9. Be3 Bxe3 10. Qxe3 Nc6 11. Nc3 b5 12. f4 b4 13. Na4 Rb8 14. O-O-O O-O 15.
Kb1 Qc7 16. Rhe1 e5 17. f5 Bd7 18. g4 Ne7 19. g5 Nh5 20. Nac5 dxc5 21. Qxc5 Qxc5
22. Nxc5 Bc6 23. Nxa6 Rb6 24. Nc5 Nf4 25. Bc4 Rc8 26. Rd6 Rbb8 27. Na6 Rd8 28.
Red1 Rxd6 29. Rxd6 Rc8 30. f6 Neg6 31. Nc5 h6 32. Ba6 Rc7 33. gxh6 gxf6 34. Rxf6
Kh7 35. b3 Kxh6 36. Bc4 Kg7 37. Rd6 Ne7 38. Na6 Rb7 39. Nc5 Rb8 40. Kb2 Rh8 41.
Rd2 f5 42. exf5 Nxf5 43. Na6 e4 44. Nxb4 e3 45. Rd1 Be4 46. Rf1 Rh4 47. a4 e2
48. Bxe2 Nxe2 49. Rf2 Ned4 50. a5 Ne3 51. Rd2 Ndxc2 52. Nxc2 Nxc2 53. a6 Rh6 54.
Re2 Bf5 55. Re7+ Kf6 56. a7 Rh8 57. Rb7 Ra8 58. Kc3 Be4 59. Rc7 Ke5 60. Re7+ Kd5
61. b4 Na3 62. Kb3 Nb5 63. Rd7+ Kc6 64. Re7 Bd5+ 65. Kc2 Nxa7 66. h4 Nb5 67. h5
Ra2+ 68. Kd3 Ra3+ 69. Kd2 Rh3 70. Rh7 Kd6 71. h6 Ke5 72. Rh8 Kd4 73. h7 Nc3 74.
b5 Ne4+ 75. Kc2 Rh2+ 76. Kc1 Nc5 77. b6 Nb3+ 78. Kd1 Kd3 79. Ke1 Re2+ 80. Kf1
Nd2+ 81. Kg1 Nf3+ 82. Kf1 Nh2+ 83. Kg1 Rg2+ 84. Kh1 Rg8+ 0-1

[Event "European Blitz 2016"]
[Site "Tallinn EST"]
[Date "2016.12.17"]
[Round "14.3"]
[White "Ponomariov, Ruslan"]
[Black "Andriasian, Zaven"]
[Result "1/2-1/2"]
[WhiteTitle "GM"]
[BlackTitle "GM"]
[WhiteElo "2709"]
[BlackElo "2621"]
[WhiteFideId "14103320"]
[BlackFideId "13302000"]
[EventDate "2016.12.17"]

1. d4 Nf6 2. c4 c5 3. d5 b5 4. cxb5 a6 5. bxa6 g6 6. Nc3 Bg7 7. a7 Rxa7 8. Nf3
O-O 9. e4 d6 10. Be2 Nbd7 11. O-O Qb6 12. Qc2 Ba6 13. Bxa6 Rxa6 14. h3 Rb8 15.
Re1 Ne8 16. b3 Nc7 17. Bd2 Nb5 18. Na4 Qb7 19. Rac1 Rba8 20. Qd3 Ne5 21. Nxe5
Bxe5 22. Be3 Ra5 23. Re2 Bf6 24. g3 Nd4 25. Bxd4 Bxd4 26. Kg2 Bg7 27. Rc4 Qb5
28. Rec2 h5 29. Qf3 Qb7 30. Rc1 R5a6 31. g4 h4 32. g5 Qd7 33. Qf4 Rf8 34. Qxh4
f5 35. gxf6 Rxf6 36. Qg4 Qe8 37. R1c3 Ra8 38. Rf3 Qf7 39. Rcc3 Rb8 40. Rxf6 Bxf6
41. Rg3 Kh7 42. Nc3 Rb4 43. Rf3 Qg7 44. Ne2 Qh6 45. Qe6 Qg5+ 46. Ng3 Kg7 47. a4
Qe5 48. Qxe5 Bxe5 49. Re3 c4 50. bxc4 Rxa4 51. Ne2 Rxc4 52. f4 Bf6 53. Kf3 Rb4
54. Kg4 Kf7 55. h4 e6 56. dxe6+ Kxe6 57. Ng3 Rb1 58. f5+ gxf5+ 59. exf5+ Kf7 60.
Ne4 Be5 61. Ra3 Rb4 62. Ra7+ Kf8 63. Kf3 d5 64. Nc5 Rf4+ 65. Ke3 Rxf5 66. Nd7+
Kg8 67. Nxe5 Rxe5+ 68. Kd4 1/2-1/2

[Event "European Blitz 2016"]
[Site "Tallinn EST"]
[Date "2016.12.17"]
[Round "14.4"]
[White "Vitiugov, Nikita"]
[Black "Anton Guijarro, David"]
[Result "0-1"]
[WhiteTitle "GM"]
[BlackTitle "GM"]
[WhiteElo "2726"]
[BlackElo "2650"]
[WhiteFideId "4152956"]
[BlackFideId "2285525"]
[EventDate "2016.12.17"]

1. d4 Nf6 2. Bf4 e6 3. e3 b6 4. Nf3 Bb7 5. h3 Bd6 6. Bxd6 cxd6 7. Bd3 d5 8. O-O
O-O 9. a4 Nc6 10. c3 Ne4 11. Na3 f5 12. Nd2 Qe7 13. f3 Nd6 14. Qe2 a6 15. Nc2 h6
16. Nb3 a5 17. Nd2 Kh8 18. Na3 f4 19. e4 dxe4 20. fxe4 e5 21. d5 Na7 22. Qf2
Nac8 23. Rfe1 Rf6 24. Nf3 Rg6 25. Qh4 Qe8 26. Qf2 Rg3 27. Rad1 Qe7 28. Nb1 Nf7
29. Nbd2 Ng5 30. Nxg5 Rxg5 31. Nf1 Rg6 32. Be2 Rb8 33. Bh5 Rg5 34. Bf3 Ba6 35.
Nh2 Nd6 36. Bg4 Rg6 37. Bh5 Rg3 38. Bg4 Kh7 39. Bf3 g6 40. Bg4 h5 41. Bf3 Kh6
42. b3 Qg5 43. c4 Rxh3 44. Nf1 Rh4 45. Rc1 Ne8 46. Qb2 Nf6 47. Kf2 Ng4+ 48. Ke2
Ne3 49. Nxe3 fxe3 50. Kd3 d6 51. Qe2 Bc8 52. Qxe3 Rf4 53. Rh1 Rf6 54. Qxg5+ Kxg5
55. Ke3 Bd7 56. Rb1 Rbf8 57. b4 Bxa4 58. bxa5 bxa5 59. Ra1 Bb3 60. c5 dxc5 61.
Rxa5 c4 62. Rc1 h4 63. d6 Rxd6 64. Rxe5+ Kh6 65. Rd5 Rdf6 66. Rh1 g5 67. Rc5 Rd8
68. Rd5 Rc8 69. Bg4 Rc7 70. e5 Rf4 71. Rd6+ Kg7 72. Be6 Re7 73. Ra1 Rf8 74. Kd4
Rfe8 75. Bxc4 Bxc4 76. Kxc4 Rxe5 77. Ra7+ R8e7 78. Rxe7+ Rxe7 79. Kd3 Re1 80.
Kc2 Rg1 81. Rd2 Kg6 82. Kd3 Re1 83. Rf2 Kh5 84. Re2 Rf1 85. Ke3 Kg4 86. Ra2 Kg3
87. Ra5 g4 88. Rg5 Re1+ 89. Kd2 Rg1 0-1

[Event "European Blitz 2016"]
[Site "Tallinn EST"]
[Date "2016.12.17"]
[Round "14.5"]
[White "Jovanovic, Zoran"]
[Black "Kovalenko, Igor"]
[Result "1-0"]
[WhiteTitle "GM"]
[BlackTitle "GM"]
[WhiteElo "2534"]
[BlackElo "2684"]
[WhiteFideId "14505320"]
[BlackFideId "14117908"]
[EventDate "2016.12.17"]

1. e4 e6 2. d4 d5 3. Nc3 Bb4 4. exd5 exd5 5. Bd3 Nf6 6. Ne2 O-O 7. O-O Re8 8.
Ng3 c6 9. Nce2 Nbd7 10. c3 Bd6 11. Bf4 Bxf4 12. Nxf4 Nf8 13. h3 Qc7 14. Qf3 Bd7
15. Nfh5 Nxh5 16. Nxh5 Ng6 17. Rfe1 a5 18. Bxg6 hxg6 19. Ng3 Qb6 20. Re2 Rxe2
21. Qxe2 Re8 22. Qd2 a4 23. a3 Qb5 24. Kh2 b6 25. Rd1 Re6 26. Qc2 Qc4 27. Rd2 c5
28. Qd3 Bb5 29. Qf3 Rf6 30. Qe3 Re6 31. Qg5 Rf6 32. dxc5 bxc5 33. Rxd5 Bc6 34.
Rd8+ Kh7 35. Rd2 Re6 36. Qg4 Qxg4 37. hxg4 Re1 38. Ne2 g5 39. f3 g6 40. Kg3 f5
41. Kf2 Rb1 42. gxf5 gxf5 43. Ke3 f4+ 44. Kd3 Bb5+ 45. c4 Be8 46. Ke4 Bf7 47.
Kf5 Kh6 48. Nc3 Rg1 49. Nxa4 Bxc4 50. Nxc5 Bf7 51. Kf6 Bg6 52. Ne6 Rc1 53. Nxg5
Rc6+ 54. Ne6 Kh5 55. b4 Be8 56. Ke7 1-0

[Event "European Blitz 2016"]
[Site "Tallinn EST"]
[Date "2016.12.17"]
[Round "14.6"]
[White "Neiksans, Arturs"]
[Black "Munoz, Miguel"]
[Result "1/2-1/2"]
[WhiteTitle "GM"]
[BlackTitle "GM"]
[WhiteElo "2631"]
[BlackElo "2473"]
[WhiteFideId "11601388"]
[BlackFideId "3800229"]
[EventDate "2016.12.17"]

1. e4 d5 2. exd5 Qxd5 3. Nc3 Qa5 4. d4 Nf6 5. Nf3 Nc6 6. Bb5 Bd7 7. O-O O-O-O 8.
Qe2 a6 9. Bc4 Bg4 10. Be3 e5 11. d5 Nd4 12. Bxd4 exd4 13. Nb1 Nxd5 14. Nbd2 Nf4
15. Qe4 Bd6 16. Bxf7 Rhf8 17. Nc4 Qc5 18. Nxd6+ Qxd6 19. Ne5 Be6 20. Qxf4 Rxf7
21. Qe4 Rf6 22. f4 Bf5 23. Qe2 d3 24. cxd3 Bxd3 25. Nxd3 Qxd3 26. Qg4+ Qd7 27.
Qxd7+ Rxd7 28. Rf2 Rd4 29. g3 Kd7 30. Rc1 b6 31. Kg2 c5 32. h3 h5 33. Re1 h4 34.
Re5 hxg3 35. Kxg3 Rg6+ 36. Rg5 Rxg5+ 37. fxg5 Ke6 38. h4 b5 39. h5 c4 40. h6
gxh6 41. gxh6 Rd8 42. Kg4 b4 43. Kh5 Ke5 44. h7 Rh8 45. Kg6 c3 46. Kg7 Rc8 47.
h8=Q Rxh8 48. Kxh8 Ke4 49. bxc3 bxc3 50. Rf6 c2 51. Rc6 Kd3 52. a4 Kd2 53. Rd6+
Ke3 54. Rc6 Kd2 55. Rd6+ Ke3 56. Rc6 Kd2 57. Rd6+ Ke3 1/2-1/2

[Event "European Blitz 2016"]
[Site "Tallinn EST"]
[Date "2016.12.17"]
[Round "14.7"]
[White "Kozul, Zdenko"]
[Black "Halkias, Stelios"]
[Result "1-0"]
[WhiteTitle "GM"]
[BlackTitle "GM"]
[WhiteElo "2613"]
[BlackElo "2585"]
[WhiteFideId "14502879"]
[BlackFideId "4201809"]
[EventDate "2016.12.17"]

1. Nf3 d5 2. g3 c5 3. Bg2 Nc6 4. O-O e6 5. d3 Bd6 6. c4 Nge7 7. Nc3 O-O 8. Nd2
Bc7 9. cxd5 exd5 10. e4 d4 11. Nd5 Be6 12. Nxc7 Qxc7 13. a3 Rad8 14. Qc2 Qd6 15.
Nc4 Bxc4 16. Qxc4 Ne5 17. Qc2 c4 18. dxc4 d3 19. Qc3 N7c6 20. Be3 Nd4 21. Bxd4
Qxd4 22. Qxd4 Rxd4 23. b3 d2 24. Rfd1 Rfd8 25. Kf1 g5 26. Ke2 Nd3 27. Rab1 Nc1+
28. Kf1 Na2 29. Ra1 Nc3 30. e5 b6 31. Bd5 Nxd5 32. cxd5 R8xd5 33. Ra2 g4 34. Rc2
Kf8 35. Rc4 Rd3 36. Rxg4 Rxb3 37. a4 Rb2 38. Re4 Ke7 39. f4 h5 40. Rc4 Ke6 41.
Ke2 a5 42. Rc6+ Kf5 43. Rf6+ Ke4 44. Rxf7 Rd3 45. Kf2 Rf3+ 46. Kg2 Re3 47. Rd7
Re2+ 48. Kh3 Kf5 49. Rd6 b5 50. axb5 a4 51. Rd3 Ke4 52. Ra3 Re1 53. Rxa4+ Ke3
54. Raa1 Rxd1 55. Rxd1 Rxb5 56. Kh4 Rb8 57. e6 Rb5 58. e7 Rb8 59. f5 Ke4 60. f6
Kd5 1-0

[Event "European Blitz 2016"]
[Site "Tallinn EST"]
[Date "2016.12.17"]
[Round "14.8"]
[White "Rakhmanov, Aleksandr"]
[Black "Saric, Ivan"]
[Result "0-1"]
[WhiteTitle "GM"]
[BlackTitle "GM"]
[WhiteElo "2667"]
[BlackElo "2652"]
[WhiteFideId "4173708"]
[BlackFideId "14508150"]
[EventDate "2016.12.17"]

1. c4 g6 2. Nc3 Bg7 3. g3 Nf6 4. Bg2 O-O 5. d3 d6 6. e3 e5 7. Nge2 c6 8. e4 a5
9. O-O Na6 10. h3 Rb8 11. Bg5 h6 12. Be3 b5 13. Qd2 Kh7 14. cxb5 cxb5 15. Rac1
b4 16. Nd5 Nxd5 17. exd5 Bd7 18. d4 Re8 19. dxe5 dxe5 20. Rfd1 Nc7 21. d6 Nb5
22. g4 f5 23. gxf5 gxf5 24. f4 e4 25. Kh2 Re6 26. Bc5 Rg6 27. Rg1 Be8 28. Bh1
Qd7 29. Ng3 Nxd6 30. Rcd1 Rd8 31. Bxd6 Rxd6 32. Qxd6 Qxd6 33. Rxd6 Rxd6 34. Nxf5
Rd2+ 35. Rg2 Rxb2 36. Rxb2 Bxb2 37. Bxe4 Bg6 38. Kg3 a4 39. Kg4 b3 40. axb3 a3
41. Bb1 Bf6 42. b4 h5+ 43. Kf3 Kh8 44. Ke4 Bf7 45. Nd6 Bb3 46. b5 Bc2+ 47. Bxc2
a2 48. Nf7+ Kg7 0-1